Teorie dopravních systémů
Salvato in:
| Autore principale: | |
|---|---|
| Altri autori: | |
| Natura: | Libro |
| Lingua: | ceco |
| Pubblicazione: |
Praha
ASPI
2007
|
| Soggetti: | |
| Tags: |
Nessun Tag, puoi essere il primo ad aggiungerne!!
|
MARC
| LEADER | 00000nam$a2200000$$$4500 | ||
|---|---|---|---|
| 001 | 0073953 | ||
| 005 | 20240311131334.9 | ||
| 020 | |a 978-80-7357-285-3 | ||
| 041 | 0 | |a cze | |
| 044 | |a CZ | ||
| 245 | 1 | 0 | |a Teorie dopravních systémů |c Otto Pastor, Antonín Tuzar |
| 264 | 1 | |a Praha |b ASPI |c 2007 | |
| 300 | |a 307 s. | ||
| 610 | 2 | 0 | |a doprava |
| 610 | 2 | 0 | |a siete dopravné |
| 610 | 2 | 0 | |a cesty dopravné |
| 610 | 2 | 0 | |a organizácia dopravy |
| 100 | 1 | |a Pastor, Otto | |
| 700 | 1 | |a Tuzar, Antonín | |